00189nam a22000857a 4500082001600000100001900016245003200035260002700067300000900094 a808.3 KEE'M aKEENE, CARELYN aTHE MYSTERY OF THE SKI JUMP aNEWYORKbCROSSEDc1952 a212P